000 00561nam a2200181 a 4500
005 20210219160510.0
008 081109s2000 mx r 000 0 spa d
020 _a9681201914
035 _aUPN01000166889
049 _aUNE
080 _a338 (721/722 ADM.
245 0 0 _aAdministración del desarrollo de la frontera norte/ compilador Mario Ojeda.
260 _aMéxico : El Colegio de México, 1982.
300 _a190 p.; 21 cm. fot.
440 0 _aColección frontera norte
690 _aFronteras- Mexico- Estados Unidos de America
905 _aUNESCO
999 _c139000
_d139000